[Event "Douglas IoM op"]
[Site "Douglas"]
[Date "2016.10.04"]
[Round "4"]
[White "Whitehead, David J"]
[Black "Kotepalli, Sai Nirupama"]
[Result "1/2-1/2"]
[WhiteElo "2021"]
[BlackElo "1944"]
[PlyCount "67"]
[EventDate "2016.10.01"]
[EventType "swiss"]
[EventRounds "9"]
[EventCountry "IOM"]
[SourceTitle "EXT 2017"]
[Source "ChessBase"]
[SourceDate "2016.10.25"]
[SourceVersion "1"]
[SourceVersionDate "2016.10.25"]
[SourceQuality "1"]

1. e4 c5 2. Nf3 Nc6 3. d4 cxd4 4. Nxd4 Nf6 5. Nc3 e6 6. Ndb5 Bb4 7. a3 Bxc3+ 8. Nxc3 d5 9. exd5 exd5 10. Bd3 d4 11. Ne2 0-0 12. 0-0 Qd5 13. Nf4 Qd6 14. Nh5 Nxh5 15. Qxh5 h6 16. Re1 Bd7 17. Qf3 Rfe8 18. Bf4 Qf6 19. Qg3 Be6 20. Be4 Rac8 21. h4 a6 22. Rad1 Bf5 23. Bxc6 Rxe1+ 24. Rxe1 Qxc6 25. Be5 Qg6 26. Qxg6 Bxg6 27. Bxd4 Bxc2 28. Re7 Rc4 29. Bc3 Rxh4 30. Rxb7 Rg4 31. f3 Rg6 32. Rb8+ Kh7 33. Rb7 Kg8 34. Rb8+ 1/2-1/2

[Event "Kaunas Butnorius 70 op"]
[Site "Kaunas"]
[Date "2016.08.02"]
[Round "2"]
[White "Berezjuk, Sergej"]
[Black "Whitehead, David J"]
[Result "1-0"]
[WhiteElo "2421"]
[BlackElo "2006"]
[PlyCount "81"]
[EventDate "2016.08.01"]
[EventType "swiss"]
[EventRounds "9"]
[EventCountry "LTU"]
[SourceTitle "CBM 173 Extra"]
[Source "ChessBase"]
[SourceDate "2016.08.29"]
[SourceVersion "1"]
[SourceVersionDate "2016.08.29"]
[SourceQuality "1"]

1. e4 c5 2. Nf3 Nc6 3. d4 cxd4 4. Nxd4 Nf6 5. Nc3 e5 6. Ndb5 d6 7. Bg5 a6 8. Na3 b5 9. Nd5 Be7 10. Bxf6 Bxf6 11. c3 0-0 12. Nc2 Bg5 13. a4 bxa4 14. Rxa4 a5 15. Bc4 Rb8 16. b3 Kh8 17. Nce3 g6 18. h4 Bxh4 19. g3 Bg5 20. f4 exf4 21. gxf4 Bh4+ 22. Kf1 f5 23. Ra2 fxe4 24. Rah2 g5 25. Qh5 Rb7 26. Ke2 Be6 27. Qh6 Bg8 28. Rg1 gxf4 29. Nxf4 Bxc4+ 30. Nxc4 Rxf4 31. Qxf4 Bf6 32. Rhg2 Rg7 33. Rxg7 Bxg7 34. Nxd6 Qe7 35. Nf7+ Kg8 36. Nh6+ Kh8 37. Qg4 Qf8 38. Rf1 Qe8 39. Nf7+ Kg8 40. Nd6 h5 41. Qxg7+ 1-0

[Event "Kaunas Butnorius 70 op"]
[Site "Kaunas"]
[Date "2016.08.02"]
[Round "3"]
[White "Whitehead, David J"]
[Black "Mickus, Benas"]
[Result "1-0"]
[WhiteElo "2006"]
[BlackElo "1671"]
[PlyCount "57"]
[EventDate "2016.08.01"]
[EventType "swiss"]
[EventRounds "9"]
[EventCountry "LTU"]
[SourceTitle "CBM 173 Extra"]
[Source "ChessBase"]
[SourceDate "2016.08.29"]
[SourceVersion "1"]
[SourceVersionDate "2016.08.29"]
[SourceQuality "1"]

1. e4 e6 2. d4 d5 3. Nc3 Nf6 4. Bg5 Be7 5. e5 Nfd7 6. h4 h6 7. Bxe7 Qxe7 8. Qg4 0-0 9. 0-0-0 c5 10. f4 c4 11. Nge2 f5 12. Qf3 Qf7 13. g4 Nc6 14. Bh3 fxg4 15. Qxg4 Re8 16. Nb5 Re7 17. Nd6 Qf8 18. Qg6 Nb6 19. f5 exf5 20. Nxc8 Nxc8 21. Bxf5 Nxe5 22. dxe5 Rxe5 23. Nd4 c3 24. Qh7+ Kf7 25. Bg6+ Ke7 26. Rhf1 Qd8 27. Qxg7+ Kd6 28. Nb5+ Kc6 29. Qxe5 1-0

[Event "Kaunas Butnorius 70 op"]
[Site "Kaunas"]
[Date "2016.08.01"]
[Round "1"]
[White "Whitehead, David J"]
[Black "Juodzevicius, Karolis"]
[Result "1-0"]
[WhiteElo "2006"]
[BlackElo "1394"]
[PlyCount "79"]
[EventDate "2016.08.01"]
[EventType "swiss"]
[EventRounds "9"]
[EventCountry "LTU"]
[SourceTitle "CBM 173 Extra"]
[Source "ChessBase"]
[SourceDate "2016.08.29"]
[SourceVersion "1"]
[SourceVersionDate "2016.08.29"]
[SourceQuality "1"]

1. e4 d6 2. d4 Nf6 3. Nc3 g6 4. Nge2 Bg7 5. g3 0-0 6. Bg2 c6 7. 0-0 Nbd7 8. h3 e5 9. Be3 Nb6 10. b3 Be6 11. Qd2 Qd7 12. g4 Qe7 13. Rad1 Rad8 14. f4 exf4 15. Bxf4 d5 16. Bg5 dxe4 17. Qf4 Nbd7 18. Nxe4 Bd5 19. N2g3 Rde8 20. Nxf6+ Nxf6 21. Bxf6 Bxf6 22. Qxf6 Qe3+ 23. Qf2 Qc3 24. Bxd5 cxd5 25. Rde1 Rc8 26. Re2 Rc6 27. Kh2 f6 28. Rfe1 Rb6 29. Qe3 Qxe3 30. Rxe3 Rb4 31. c3 Rb6 32. Re8 Kf7 33. R1e7+ Kg8 34. Rxf8+ Kxf8 35. Rxh7 Rc6 36. Rxb7 Rxc3 37. Rxa7 Rc2+ 38. Kg1 Rc1+ 39. Kf2 Rc2+ 40. Ne2 1-0

[Event "BCF-chT2b 1415 (4NCL)"]
[Site "England"]
[Date "2014.11.15"]
[Round "1.56"]
[White "Whitehead, David J"]
[Black "Freeman, Richard"]
[Result "1/2-1/2"]
[WhiteElo "2026"]
[BlackElo "2041"]
[PlyCount "66"]
[EventDate "2014.11.15"]
[EventType "team-tourn"]
[EventRounds "7"]
[EventCountry "ENG"]
[SourceTitle "CBM 163 Extra"]
[Source "ChessBase"]
[SourceDate "2014.12.23"]
[SourceVersion "1"]
[SourceVersionDate "2014.12.23"]
[SourceQuality "1"]
[WhiteTeam "Kings Head"]
[BlackTeam "MK Phoenix"]
[WhiteTeamCountry "ENG"]
[BlackTeamCountry "ENG"]

1. e4 d5 2. exd5 Nf6 3. d4 Nxd5 4. Nf3 g6 5. Bc4 Bg7 6. 0-0 0-0 7. c3 Nc6 8. Bg5 h6 9. Bxd5 Qxd5 10. Bf4 Qd8 11. Na3 a6 12. Nc4 b5 13. Nce5 Nxe5 14. Bxe5 Bxe5 15. Nxe5 Qd5 16. Qf3 Qxf3 17. Nxf3 Bb7 18. Ne5 Rad8 19. Rfe1 Kg7 20. Nd3 Rfe8 21. Nc5 Bc8 22. Re3 f6 23. f4 Kf7 24. Rae1 Rd6 25. b4 Bf5 26. Kf2 Bc8 27. Kf3 h5 28. h3 h4 29. a3 Bf5 30. Nb7 Rb6 31. Nc5 Rd6 32. Nb7 Rb6 33. Nc5 Rd6 1/2-1/2

[Event "Sunningdale e2e4 op 04"]
[Site "Ascot"]
[Date "2014.04.20"]
[Round "7"]
[White "Whitehead, David J"]
[Black "Dilleigh, Stephen P"]
[Result "1/2-1/2"]
[WhiteElo "2013"]
[BlackElo "2136"]
[PlyCount "42"]
[EventDate "2014.04.17"]
[EventType "swiss"]
[EventRounds "9"]
[EventCountry "ENG"]
[SourceTitle "CBM 159 Extra"]
[Source "ChessBase"]
[SourceDate "2014.04.24"]
[SourceVersion "1"]
[SourceVersionDate "2014.04.24"]
[SourceQuality "1"]

1. e4 e6 2. d4 d5 3. Nc3 Nf6 4. Bg5 dxe4 5. Nxe4 Nbd7 6. Nf3 h6 7. Bxf6 Nxf6 8. Bd3 c5 9. Nxc5 Bxc5 10. dxc5 Qa5+ 11. Qd2 Qxc5 12. 0-0-0 Bd7 13. Rhe1 0-0 14. Re5 Qc7 15. Rde1 Bc6 16. Qe2 Rad8 17. h3 Rd7 18. c3 Rfd8 19. Bc2 Bd5 20. Kb1 Rd6 21. g4 Qc4 1/2-1/2

[Event "Sunningdale e2e4 op 04"]
[Site "Ascot"]
[Date "2014.04.19"]
[Round "4"]
[White "Williams, Simon Kim"]
[Black "Whitehead, David J"]
[Result "1-0"]
[WhiteElo "2463"]
[BlackElo "2013"]
[PlyCount "101"]
[EventDate "2014.04.17"]
[EventType "swiss"]
[EventRounds "9"]
[EventCountry "ENG"]
[SourceTitle "CBM 159 Extra"]
[Source "ChessBase"]
[SourceDate "2014.04.24"]
[SourceVersion "1"]
[SourceVersionDate "2014.04.24"]
[SourceQuality "1"]

1. d4 Nf6 2. c4 g6 3. Nc3 Bg7 4. e4 d6 5. Be2 0-0 6. Be3 e5 7. d5 Nbd7 8. g4 Nc5 9. f3 Ne8 10. b4 Na6 11. a3 f5 12. h4 f4 13. Bf2 c5 14. Rb1 b6 15. Qa4 Nac7 16. Bf1 Bd7 17. Qb3 a5 18. bxc5 bxc5 19. g5 Bh8 20. Bh3 Ng7 21. Bxd7 Qxd7 22. Nge2 Nh5 23. Qa4 Qc8 24. Kd2 Ng3 25. Rhg1 Nxe2 26. Kxe2 Bg7 27. Rb6 Rd8 28. Qc6 Bf8 29. Rgb1 Ne8 30. Rb7 Ng7 31. Qxc8 Rdxc8 32. Na4 Rd8 33. Be1 Nh5 34. R1b5 h6 35. Kf1 hxg5 36. hxg5 Re8 37. Kg2 Be7 38. Bh4 Ng3 39. Rb2 Nh5 40. Nc3 Kf8 41. R2b6 Ng7 42. Nb5 Red8 43. Kh3 a4 44. Kg4 Ne8 45. Be1 Rdc8 46. Bc3 Rd8 47. Na7 Ng7 48. Nc6 Re8 49. Rd7 Bd8 50. Rbb7 Nh5 51. Rxd6 1-0

[Event "BCF-chT3 1314 (4NCL)"]
[Site "England"]
[Date "2014.03.22"]
[Round "7.68"]
[White "Whitehead, David J"]
[Black "Millward, Kevin P"]
[Result "1/2-1/2"]
[WhiteElo "2013"]
[BlackElo "2000"]
[PlyCount "111"]
[EventDate "2013.11.16"]
[EventType "team-swiss"]
[EventRounds "11"]
[EventCountry "ENG"]
[SourceTitle "EXT 2015"]
[Source "ChessBase"]
[SourceDate "2014.11.20"]
[SourceVersion "1"]
[SourceVersionDate "2014.11.20"]
[SourceQuality "1"]
[WhiteTeam "Kings Head II"]
[BlackTeam "Fermented Sharks"]
[WhiteTeamCountry "ENG"]
[BlackTeamCountry "ENG"]

1. e4 g6 2. d4 Bg7 3. Nc3 d6 4. Be3 a6 5. Qd2 b5 6. f3 Nd7 7. Nge2 c5 8. Nc1 Bb7 9. Be2 Qc7 10. 0-0 Rc8 11. dxc5 Nxc5 12. Nd3 Ne6 13. Nd5 Qxc2 14. Qe1 Nd4 15. Bxd4 Bxd4+ 16. Kh1 Bxb2 17. Rb1 Bd4 18. N3b4 Qc5 19. Nd3 Qa7 20. Qa5 Bxd5 21. exd5 Bb6 22. Qa3 Nf6 23. Nb4 0-0 24. Qxa6 Qxa6 25. Nxa6 Nxd5 26. Rxb5 Nc3 27. Rxb6 Nxe2 28. Rb2 Nf4 29. Nb4 Rc3 30. g3 Nd3 31. Nxd3 Rxd3 32. Kg2 Ra8 33. Rfb1 Rda3 34. Rb8+ Rxb8 35. Rxb8+ Kg7 36. Rb2 e5 37. Rd2 Ra6 38. Kf2 Kf6 39. a3 Ke6 40. Rd3 Ra4 41. Ke2 h5 42. Kd2 f5 43. Kc2 e4 44. Rc3 Kd5 45. Kb3 Ra7 46. fxe4+ fxe4 47. a4 Rb7+ 48. Kc2 Kd4 49. a5 Ra7 50. Ra3 d5 51. a6 Kc4 52. Ra5 Kd4 53. Kd2 e3+ 54. Ke2 Ke4 55. Ra4+ d4 56. h4 1/2-1/2

[Event "BCF-chT3S 1314 (4NCL)"]
[Site "England"]
[Date "2014.01.11"]
[Round "3.119"]
[White "Whitehead, David J"]
[Black "Foley, John P"]
[Result "0-1"]
[WhiteElo "2023"]
[BlackElo "2023"]
[PlyCount "66"]
[EventDate "2013.11.16"]
[EventType "team-swiss"]
[EventRounds "6"]
[EventCountry "ENG"]
[SourceTitle "EXT 2015"]
[Source "ChessBase"]
[SourceDate "2014.11.20"]
[SourceVersion "1"]
[SourceVersionDate "2014.11.20"]
[SourceQuality "1"]
[WhiteTeam "Kings Head II"]
[BlackTeam "BCM Rhinos II"]
[WhiteTeamCountry "ENG"]
[BlackTeamCountry "ENG"]

1. e4 c6 2. d4 d5 3. Nc3 dxe4 4. Nxe4 Nf6 5. Ng3 h5 6. Bc4 h4 7. N3e2 h3 8. Nxh3 Bxh3 9. gxh3 Nbd7 10. Bf4 e6 11. Qd3 Nb6 12. 0-0-0 Nxc4 13. Qxc4 Bd6 14. Bg3 Qc7 15. Qa4 Rxh3 16. Rhe1 Kf8 17. Ng1 Rh5 18. Be5 Bxe5 19. dxe5 Nd5 20. f4 b5 21. Qa3+ Qe7 22. Qf3 Qh4 23. Ne2 Qh3 24. Ng3 Rh4 25. Qa3+ Kg8 26. Qd6 Rxf4 27. Qxc6 Rb8 28. Qd6 Rf8 29. Kb1 Qg2 30. Rg1 Qxh2 31. Rh1 Qxg3 32. Rdg1 Rh4 33. a3 Rxh1 0-1

[Event "BCF-chT3 1213 (4NCL)"]
[Site "England"]
[Date "2013.03.24"]
[Round "8.228"]
[White "Whitehead, David J"]
[Black "Valentine, Brian J"]
[Result "1-0"]
[WhiteElo "2041"]
[BlackElo "1973"]
[PlyCount "111"]
[EventDate "2012.11.03"]
[EventType "team-swiss"]
[EventRounds "11"]
[EventCountry "ENG"]
[SourceTitle "EXT 2014"]
[Source "ChessBase"]
[SourceDate "2013.11.20"]
[SourceVersion "1"]
[SourceVersionDate "2013.11.20"]
[SourceQuality "1"]
[WhiteTeam "3CS Oldham II"]
[BlackTeam "FCA Solutions II"]
[WhiteTeamCountry "ENG"]
[BlackTeamCountry "ENG"]

1. e4 e5 2. Bc4 Nf6 3. d3 c6 4. Nf3 d5 5. Bb3 Bd6 6. Qe2 0-0 7. Bg5 Be6 8. 0-0 dxe4 9. dxe4 Bxb3 10. axb3 Nbd7 11. Rd1 Qc7 12. Nbd2 Rfe8 13. Nh4 g6 14. Qf3 Nh5 15. Nf5 Bf8 16. Nh6+ Bxh6 17. Bxh6 b5 18. Nf1 Nc5 19. Ne3 f6 20. Ng4 Qe7 21. Be3 Rf8 22. b4 Ne6 23. c3 Qc7 24. Ra6 Ng5 25. Bxg5 fxg5 26. Qe3 Nf4 27. g3 Ne6 28. Rda1 Qd7 29. Nxe5 Qd6 30. Ng4 Qd7 31. Rxa7 Rxa7 32. Qxa7 Nc7 33. Ne5 Qd6 34. Qc5 Qd2 35. Nxc6 Qxb2 36. Rd1 Ne6 37. Qe3 Qb3 38. Rd7 Rf7 39. Rxf7 Kxf7 40. Nd4 Qd1+ 41. Kg2 g4 42. Nxe6 Kxe6 43. Qd4 Qf3+ 44. Kg1 h5 45. e5 Qe2 46. Qd6+ Kf7 47. Qf6+ Ke8 48. Qxg6+ Kd8 49. Qd6+ Ke8 50. Qc6+ Ke7 51. e6 Kf6 52. Kg2 Ke7 53. Qd7+ Kf6 54. Qf7+ Kg5 55. Qf4+ Kg6 56. Qe3 1-0

[Event "Brighton e2e4 Masters"]
[Site "Brighton"]
[Date "2013.02.20"]
[Round "9"]
[White "Lenier, Jude"]
[Black "Whitehead, David J"]
[Result "1-0"]
[WhiteElo "2112"]
[BlackElo "2055"]
[PlyCount "71"]
[EventDate "2013.02.16"]
[EventType "swiss"]
[EventRounds "9"]
[EventCountry "ENG"]
[SourceTitle "CBM 153 Extra"]
[Source "ChessBase"]
[SourceDate "2013.04.22"]
[SourceVersion "1"]
[SourceVersionDate "2013.04.22"]
[SourceQuality "1"]

1. e4 c5 2. Nf3 Nc6 3. d4 cxd4 4. Nxd4 Nf6 5. Nc3 e5 6. Ndb5 d6 7. Bg5 a6 8. Na3 b5 9. Bxf6 gxf6 10. Nd5 Bg7 11. c3 Ne7 12. Nxe7 Qxe7 13. c4 0-0 14. Bd3 f5 15. 0-0 fxe4 16. Bxe4 Rb8 17. cxb5 f5 18. Bd5+ Kh8 19. bxa6 Bxa6 20. Bc4 Bb7 21. Nb5 d5 22. Be2 d4 23. Rc1 Qg5 24. f3 e4 25. f4 Qd8 26. Bc4 Qb6 27. Kh1 Rbd8 28. Qh5 d3 29. Nc7 d2 30. Rc2 e3 31. Ne6 Qc6 32. Qg5 Rd7 33. Nxf8 d1Q 34. Nxd7 Qxg2+ 35. Rxg2 Qxd7 36. Be2 1-0

[Event "London Classic op 4th"]
[Site "London"]
[Date "2012.12.03"]
[Round "3"]
[White "Whitehead, David J"]
[Black "Phillips, Owen S"]
[Result "1-0"]
[WhiteElo "2059"]
[BlackElo "1926"]
[PlyCount "73"]
[EventDate "2012.12.01"]
[EventType "swiss"]
[EventRounds "9"]
[EventCountry "ENG"]
[SourceTitle "CBM 151 Extra"]
[Source "ChessBase"]
[SourceDate "2012.12.18"]
[SourceVersion "1"]
[SourceVersionDate "2012.12.18"]
[SourceQuality "1"]

1. e4 e6 2. d4 d5 3. Nc3 Nf6 4. Bg5 Be7 5. e5 Nfd7 6. h4 h6 7. Bxe7 Qxe7 8. Qg4 g6 9. 0-0-0 a6 10. f4 h5 11. Qh3 b5 12. g4 Nb6 13. gxh5 Rxh5 14. Be2 Rh8 15. Qg4 Bb7 16. h5 N8d7 17. Nf3 gxh5 18. Rxh5 0-0-0 19. Rdh1 Rhg8 20. Rg5 Rgf8 21. Rg7 Nc4 22. Bxc4 dxc4 23. Rhh7 Bxf3 24. Qxf3 Nb6 25. Ne2 Qd7 26. Qh5 c5 27. Rxf7 Rxf7 28. Rxf7 Qd5 29. c3 Qe4 30. f5 b4 31. fxe6 bxc3 32. bxc3 Qe3+ 33. Kd1 cxd4 34. e7 Re8 35. Rf8 Kd7 36. Qxe8+ Ke6 37. Qf7+ 1-0

[Event "Calvia Amateur op 9th"]
[Site "Calvia"]
[Date "2012.10.14"]
[Round "9"]
[White "Sgircea, Silvia Raluca"]
[Black "Whitehead, David J"]
[Result "1-0"]
[WhiteElo "2255"]
[BlackElo "2035"]
[PlyCount "81"]
[EventDate "2012.10.06"]
[EventType "swiss"]
[EventRounds "9"]
[EventCountry "ESP"]
[SourceTitle "EXT 2013"]
[Source "ChessBase"]
[SourceDate "2012.11.22"]
[SourceVersion "1"]
[SourceVersionDate "2012.11.22"]
[SourceQuality "1"]

1. Nf3 Nf6 2. c4 g6 3. Nc3 Bg7 4. e4 d6 5. d4 0-0 6. Be3 e5 7. dxe5 dxe5 8. Qxd8 Rxd8 9. Nd5 Na6 10. 0-0-0 Be6 11. Nxf6+ Bxf6 12. a3 Rxd1+ 13. Kxd1 Rd8+ 14. Kc2 c5 15. Be2 b6 16. Kc3 Bg7 17. Nd2 f5 18. f3 Nb8 19. b4 f4 20. Bf2 cxb4+ 21. axb4 Nc6 22. Rb1 Bf8 23. Nf1 a5 24. bxa5 bxa5 25. Rb6 Bb4+ 26. Kb2 Bd7 27. c5 Nd4 28. Bxd4 exd4 29. Bc4+ Kg7 30. c6 Bc3+ 31. Kc2 Be8 32. Bd5 Rc8 33. Nd2 Bb4 34. Nc4 Bc5 35. Ra6 a4 36. Ne5 a3 37. Nd3 Bd6 38. e5 Be7 39. Nxf4 Bb4 40. Kb3 Rb8 41. c7 1-0

[Event "BCF-chT2d 1112 (4NCL)"]
[Site "England"]
[Date "2012.05.07"]
[Round "11.68"]
[White "Whitehead, David J"]
[Black "Jones, Steven"]
[Result "0-1"]
[WhiteElo "2041"]
[BlackElo "1923"]
[PlyCount "64"]
[EventDate "2011.11.12"]
[EventType "team-swiss"]
[EventRounds "11"]
[EventCountry "ENG"]
[SourceTitle "EXT 2013"]
[Source "ChessBase"]
[SourceDate "2012.11.22"]
[SourceVersion "1"]
[SourceVersionDate "2012.11.22"]
[SourceQuality "1"]
[WhiteTeam "3CS Oldham"]
[BlackTeam "Bradford DCA Knights"]
[WhiteTeamCountry "ENG"]
[BlackTeamCountry "ENG"]

1. e4 c5 2. Nf3 d6 3. d4 cxd4 4. Nxd4 Nf6 5. Nc3 g6 6. Be3 Nc6 7. Bc4 Ng4 8. Nxc6 bxc6 9. Bc1 Bg7 10. 0-0 0-0 11. Be2 Nf6 12. Be3 Rb8 13. Rb1 Qa5 14. f4 Nd7 15. f5 Ba6 16. Bxa6 Qxa6 17. Qg4 Ne5 18. Qh4 Nc4 19. Bh6 Bxh6 20. Qxh6 Rxb2 21. Rxb2 Nxb2 22. f6 exf6 23. Rf3 Qb6+ 24. Kh1 Rb8 25. Rh3 Na4 26. Qxh7+ Kf8 27. Qh6+ Ke7 28. Ne2 Qf2 29. Rb3 Rxb3 30. cxb3 Qxe2 31. Qc1 Nc3 32. h3 Qd1+ 0-1

[Event "Pfalz op 03rd"]
[Site "Neustadt an der Weinstrasse"]
[Date "2012.03.03"]
[Round "5"]
[White "Whitehead, David J"]
[Black "Schrems, Hermann"]
[Result "1-0"]
[WhiteElo "2041"]
[BlackElo "2188"]
[PlyCount "108"]
[EventDate "2012.02.17"]
[EventType "swiss"]
[EventRounds "9"]
[EventCountry "GER"]
[SourceTitle "EXT 2013"]
[Source "ChessBase"]
[SourceDate "2012.11.22"]
[SourceVersion "1"]
[SourceVersionDate "2012.11.22"]
[SourceQuality "1"]

1. e4 Nf6 2. e5 Nd5 3. d4 d6 4. Nf3 dxe5 5. Nxe5 c6 6. Qf3 Be6 7. Bc4 Nd7 8. 0-0 g6 9. Bb3 Bg7 10. Qg3 Nc7 11. f4 0-0 12. Bxe6 Nxe6 13. c3 Nxe5 14. dxe5 Qb6+ 15. Kh1 Rad8 16. Nd2 Nc5 17. b4 Nd3 18. Ne4 Qb5 19. Be3 Qd5 20. Nc5 b6 21. Nxd3 Qxd3 22. Bd4 Qxg3 23. hxg3 Rd5 24. a4 Rfd8 25. a5 c5 26. bxc5 bxc5 27. Be3 a6 28. c4 R5d7 29. Bxc5 Rc8 30. Bb6 Rxc4 31. Rac1 Ra4 32. Rc8+ Bf8 33. Ra8 Kg7 34. Rxa6 e6 35. Ra8 Be7 36. a6 Ra2 37. a7 Rdd2 38. Rc8 Rxg2 39. a8Q Rxa8 40. Rxa8 Rxg3 41. Bd8 Bxd8 42. Rxd8 h5 43. Kh2 Rg4 44. Rd4 g5 45. Rg1 Rxg1 46. Kxg1 g4 47. Kg2 h4 48. Rd7 Kg6 49. Re7 Kg7 50. Ra7 Kg6 51. Kh2 f6 52. exf6 Kxf6 53. Ra5 Kf7 54. Rg5 Kf6 1-0

[Event "Pfalz op 03rd"]
[Site "Neustadt an der Weinstrasse"]
[Date "2012.02.17"]
[Round "1"]
[White "Whitehead, David J"]
[Black "Wagner, Dennis"]
[Result "1/2-1/2"]
[WhiteElo "2041"]
[BlackElo "2355"]
[PlyCount "69"]
[EventDate "2012.02.17"]
[EventType "swiss"]
[EventRounds "9"]
[EventCountry "GER"]
[SourceTitle "EXT 2013"]
[Source "ChessBase"]
[SourceDate "2012.11.22"]
[SourceVersion "1"]
[SourceVersionDate "2012.11.22"]
[SourceQuality "1"]

1. e4 c5 2. Nf3 e6 3. d4 cxd4 4. Nxd4 a6 5. Nc3 Qc7 6. Bd3 Nf6 7. 0-0 d6 8. Be3 Nbd7 9. Kh1 b6 10. f3 Bb7 11. Qe1 Be7 12. Qg3 h5 13. a4 h4 14. Qf2 Nc5 15. Rfc1 h3 16. g3 g5 17. Nb3 g4 18. Nxc5 bxc5 19. Be2 d5 20. exd5 exd5 21. Bf4 Qc6 22. Rf1 d4 23. Nb5 Ne4 24. Nc7+ Kd8 25. Qe1 Rc8 26. Nxa6 Nd6 27. Qa5+ Kd7 28. Bxd6 Kxd6 29. b4 d3 30. bxc5+ Ke6 31. Bxd3 gxf3 32. Rf2 Bxc5 33. Re1+ Kd6 34. Nxc5 Qxc5 35. Qd2 1/2-1/2

[Event "Gibraltar Challengers-B 10th"]
[Site "Caleta"]
[Date "2012.01.28"]
[Round "1"]
[White "Byron, Alan M"]
[Black "Whitehead, David J"]
[Result "1-0"]
[WhiteElo "2241"]
[BlackElo "2041"]
[PlyCount "77"]
[EventDate "2012.01.28"]
[EventType "swiss"]
[EventRounds "5"]
[EventCountry "GGB"]
[SourceTitle "CBM 146 Extra"]
[Source "ChessBase"]
[SourceDate "2012.02.29"]
[SourceVersion "1"]
[SourceVersionDate "2012.02.29"]
[SourceQuality "1"]

1. d4 Nf6 2. Nf3 g6 3. g3 Bg7 4. Bg2 0-0 5. 0-0 d6 6. c4 Nc6 7. Nc3 a6 8. e3 Bg4 9. h3 Bxf3 10. Bxf3 Nd7 11. Bg2 e5 12. d5 Ne7 13. e4 f5 14. Bg5 h6 15. Bd2 f4 16. h4 g5 17. hxg5 hxg5 18. Bh3 Bf6 19. Kg2 Kg7 20. Rh1 Rh8 21. Bg4 Rxh1 22. Qxh1 Nb6 23. b3 Ng6 24. Bf5 Qe7 25. Qh5 Qf7 26. Qg4 Rh8 27. Rh1 Rxh1 28. Kxh1 Ne7 29. Be6 Qg6 30. a4 Kh6 31. Kg2 Qh5 32. a5 Qxg4 33. Bxg4 Nbc8 34. Na4 Na7 35. Bb4 Ng6 36. Nc5 dxc5 37. Bxc5 Nb5 38. cxb5 axb5 39. Bc8 1-0